00678nam a2200241 a 4500001001300000003000900013005001700022008004100039020001000080082001600090100002300106245001900129260003500148300000900183500003500192505001600227650002400243700002300267902000800290942000700298952011600305999001500421nice12345678IN_TiNIC20260116011410.0050524s1930 luca grp 000 0 per  ac10000a891.51bJAM aJami, Abdur Rahman aKuliyat-E-Jami aLucknow bNaval Kishore c1930 a634p aincludes index and biblioraphy2 aIndex, 145p aPersian Poetry-Jami1 aJami, Abdur Rahman bSRS cBK 001040708StackRoom-aHMIbHMId2007-06-01g100.00l0o891.51 JAMp04556r2007-06-01v100.00w2005-05-24yBK c1181d1181